000 00382nam a2200109Ia 4500
008 160909s9999 xx 000 0 und d
100 _aVora, Rushabh Girish
245 _aZigbee based wearable glove for remote gesture recognition
260 _bCalifornia State University, Long Beach.
_c2016
650 _aNursing
856 _uhttp://pqdtopen.proquest.com/doc/1758942591.html?FMT=ABS
999 _c303949
_d303949